• 首页
  • 本馆介绍
  • 公告通知
  • 最新文献
  • 馆藏检索
  • 电子资源
  • 读者导购
  • 参考咨询
  • 我的图书馆
  • 登录
  • 详细信息显示
  • 放入我的书架
  • 预约/预借图书
  • 作者相关作品
  • 分类相关作品
  • 丛书相关作品
  • 出版社相关作品

书目信息

  • 表格格式
  • 工作单格式
  • 卡片格式
题名:
实用小儿推拿
    
 
作者: 张汉臣 著
分册:  
出版信息: 北京   人民卫生出版社  1974
页数: 164页
开本: 19cm
丛书名:
单 册:
中图分类: R244.1
科图分类:
主题词: 小儿疾病--按摩疗法(中医) , 按摩疗法(中医)--小儿疾病 , 中医学:临床医学
电子资源:
ISBN:
000 00663nam0 2200253 45 980
001 0630432656
005 20060812082835.45
010    @dCNY0.33
091    @a14048.2667
100    @a19970417d1974 em y0chiy0121 ea
101 0  @achi
102    @aCN@b110000
105    @ay z 000yy
106    @ar
200 10 @a实用小儿推拿@Ashi yong xiao er tui na@f张汉臣著
210    @a北京@c人民卫生出版社@d1974
215    @a164页@d19cm
606    @a小儿疾病--按摩疗法(中医)
606    @a按摩疗法(中医)--小儿疾病
606 0  @a中医学:临床医学
690    @aR244.1@v3
701  0 @a张汉臣@4著@Azhang han chen
801 0  @c20060812
905    @a10447@dR244.1@e153
    
    实用小儿推拿/张汉臣著 .-北京:人民卫生出版社,1974
    164页;19cm
    
    
    ISBN :CNY0.33
    
●
相关链接 在E读中查询图书 在五车中查询图书 在当当中查询图书 在豆瓣中查询图书


正题名:实用小儿推拿     索取号:R244.1/153         预约/预借

序号 登录号 条形码 馆藏地/架位号 状态 备注
1 0452310   204523104   密集书库/ [索取号:R244.1/153] 在馆    
唐山师范学院图书馆 欢迎您!
大连网信软件有限公司© 版权所有